000 00341nam a2200145Ia 4500
008 230917s9999||||xx |||||||||||||| ||und||
040 _e78512
_aMAIN
041 _aEnglish
082 _a340.1 M613S
100 _aMiller, David
245 0 _aSocial justice
260 _aOxford
_bClarendon Press
_c1979
300 _avi, 367 p.
942 _cBK
999 _c44511
_d44511